000 00690nam a2200193Ia 4500
008 151121s9999||||xx |||||||||||||| ||und||
082 _a910/काणेक
082 _bHNW-33125
100 _aकाणेकर अनंत
245 _aनिळे डोंगर तांबडी माती
260 _b"देशमुख आणि कंपनी, पुणे।"
260 _c--
300 _a140
600 _aकाणेकर अनंत
630 _aनिळे डोंगर तांबडी माती
700 _aकाणेकर अनंत
730 _aनिळे डोंगर तांबडी माती
942 _cBOOK
999 _c1226425
_d1226422